[Event "Titled Tuesday intern op 19th Sep Early"]
[Site "Chess.com INT"]
[Date "2023.09.19"]
[Round "7"]
[White "Dinu, Dumitru Daniel"]
[Black "Talbi, Chafik"]
[Result "1-0"]
[WhiteElo "2194"]
[BlackElo "2224"]
[PlyCount "77"]
[EventDate "2023.09.19"]
[EventType "swiss (blitz)"]
[EventRounds "11"]
[EventCountry "USA"]
[SourceTitle "EXT 2024"]
[Source "ChessBase"]
[SourceDate "2023.10.10"]
[SourceVersion "1"]
[SourceVersionDate "2023.10.10"]
[SourceQuality "1"]

1. e4 c6 2. Ne2 d5 3. e5 Bf5 4. Ng3 Bg6 5. h4 h6 6. h5 Bh7 7. e6 fxe6 8. d4 Qd6 9. Bd3 Bxd3 10. Qxd3 Nf6 11. Qg6+ Kd7 12. Nd2 e5 13. dxe5 Qxe5+ 14. Kd1 Na6 15. Re1 Qd4 16. Qf5+ Kd8 17. Re2 Nc5 18. c3 Qg4 19. Qxg4 Nxg4 20. Nf3 Nd3 21. Be3 e5 22. Ne1 Nxe1 23. Kxe1 Be7 24. Kf1 Rf8 25. Kg1 Bh4 26. Bc5 Rf7 27. Nh1 Kd7 28. f3 b6 29. fxg4 bxc5 30. Rxe5 Kd6 31. Re2 Raf8 32. g3 Bg5 33. Rae1 Rf3 34. Kg2 Kd7 35. Nf2 c4 36. Nh3 Bd8 37. Nf4 R3xf4 38. gxf4 Rxf4 39. Kg3 1-0

[Event "Titled Tuesday intern op 19th Sep Early"]
[Site "Chess.com INT"]
[Date "2023.09.19"]
[Round "5"]
[White "Ljubarov, Mark"]
[Black "Talbi, Chafik"]
[Result "0-1"]
[WhiteElo "2305"]
[BlackElo "2224"]
[PlyCount "86"]
[EventDate "2023.09.19"]
[EventType "swiss (blitz)"]
[EventRounds "11"]
[EventCountry "USA"]
[SourceTitle "EXT 2024"]
[Source "ChessBase"]
[SourceDate "2023.10.10"]
[SourceVersion "1"]
[SourceVersionDate "2023.10.10"]
[SourceQuality "1"]

1. h4 c6 2. g3 d5 3. f3 Qc7 4. e3 Qxg3+ 5. Ke2 Nf6 6. d4 b6 7. Qe1 Qxe1+ 8. Kxe1 e6 9. c4 Bb4+ 10. Nd2 0-0 11. a3 Bd6 12. b4 e5 13. c5 Bc7 14. Kf2 exd4 15. exd4 Bf5 16. Nb3 Nbd7 17. Bg5 Rfe8 18. Bh3 Bxh3 19. Nxh3 h6 20. Bf4 Bxf4 21. Nxf4 Nf8 22. Rhe1 Ne6 23. Nd3 Nd7 24. Ne5 Nxe5 25. Rxe5 f6 26. Re3 Nf4 27. Rc1 Rec8 28. Rcc3 Kf7 29. Re1 g5 30. hxg5 hxg5 31. Rec1 b5 32. Na5 Ne6 33. Rd3 Rc7 34. Rh1 Kg6 35. Re1 Re8 36. Rde3 Kf7 37. Kg3 Ng7 38. Rxe8 Nxe8 39. f4 gxf4+ 40. Kxf4 Ng7 41. Rh1 Kg6 42. Rh8 Ne6+ 43. Ke3 Ng7 0-1

[Event "Titled Tuesday intern op 19th Sep Early"]
[Site "Chess.com INT"]
[Date "2023.09.19"]
[Round "3"]
[White "Talbi, Chafik"]
[Black "Polaczek, Richard"]
[Result "1-0"]
[WhiteElo "2224"]
[BlackElo "2302"]
[PlyCount "113"]
[EventDate "2023.09.19"]
[EventType "swiss (blitz)"]
[EventRounds "11"]
[EventCountry "USA"]
[SourceTitle "EXT 2024"]
[Source "ChessBase"]
[SourceDate "2023.10.10"]
[SourceVersion "1"]
[SourceVersionDate "2023.10.10"]
[SourceQuality "1"]

1. e4 Nf6 2. Nc3 d5 3. e5 Nfd7 4. d4 e6 5. f4 c5 6. Nf3 Nc6 7. Be3 a6 8. Qd2 b5 9. Qf2 b4 10. Ne2 Nb6 11. b3 Nd7 12. Ng3 cxd4 13. Nxd4 Nxd4 14. Bxd4 Qc7 15. Bd3 Be7 16. 0-0 0-0 17. Rae1 g6 18. f5 exf5 19. Nxf5 Bc5 20. Nh6+ Kg7 21. Nxf7 Bxd4 22. Qxd4 Qc5 23. Qxc5 Nxc5 24. Nd6 Be6 25. Rxf8 Rxf8 26. Rf1 Rxf1+ 27. Kxf1 Kh6 28. Kf2 Kg5 29. Ke3 h5 30. Kd4 Nxd3 31. cxd3 Kf4 32. Nb7 h4 33. Nc5 Bf5 34. e6 Bxe6 35. Nxe6+ Kg4 36. Kxd5 g5 37. Ke4 h3 38. gxh3+ Kxh3 39. Nxg5+ Kxh2 40. d4 Kg2 41. d5 Kf2 42. d6 Ke2 43. d7 Kd2 44. d8Q+ Kc3 45. Qd4+ Kc2 46. Qxb4 Kb2 47. a4 Kc2 48. Qc4+ Kb2 49. b4 Ka3 50. a5 Kb2 51. Kd3 Ka3 52. Ne4 Kb2 53. Qc3+ Ka2 54. Qc2+ Ka3 55. Qb1 Ka4 56. Kc4 Ka3 57. Qb3# 1-0

[Event "Titled Tuesday intern op 08th Aug Late"]
[Site "Chess.com INT"]
[Date "2023.08.08"]
[Round "2"]
[White "Talbi, Chafik"]
[Black "Womacka, Mathias"]
[Result "0-1"]
[WhiteElo "2224"]
[BlackElo "2371"]
[PlyCount "104"]
[EventDate "2023.08.08"]
[EventType "swiss (blitz)"]
[EventRounds "11"]
[EventCountry "USA"]
[SourceTitle "EXT 2024"]
[Source "ChessBase"]
[SourceDate "2023.10.10"]
[SourceVersion "1"]
[SourceVersionDate "2023.10.10"]
[SourceQuality "1"]

1. e4 c5 2. Nf3 d6 3. c3 Nf6 4. Bd3 Bg4 5. h3 Bh5 6. Bc2 Nc6 7. d3 e6 8. a4 Be7 9. Nbd2 d5 10. 0-0 0-0 11. Qe2 Qc7 12. Re1 a6 13. Nf1 b5 14. Ng3 Bg6 15. Nh4 b4 16. Nxg6 hxg6 17. Bg5 Rfe8 18. Rac1 Qa5 19. h4 bxc3 20. bxc3 Qxc3 21. exd5 Nxd5 22. Ne4 Qa5 23. Bb3 Nd4 24. Qd1 Bxg5 25. hxg5 Rec8 26. Nd6 Rc6 27. Nc4 Qc7 28. Ne5 Rb6 29. Bxd5 exd5 30. Qg4 Nf5 31. Qf3 Rd8 32. g4 Nd4 33. Qf4 Ne6 34. Qg3 Nxg5 35. Kg2 Re6 36. Nxg6 Qxg3+ 37. Kxg3 Rxg6 38. f4 Nh7 39. Rxc5 Rgd6 40. Re5 Nf8 41. f5 Nd7 42. Rexd5 Nxc5 43. Rxc5 Rxd3+ 44. Kh4 R3d4 45. Rc6 R4d6 46. Rc5 Rd5 47. Rc6 R8d6 48. Rc8+ Kh7 49. g5 Rxf5 50. a5 Rxa5 51. Rc7 Rd4+ 52. Kh5 g6# 0-1

[Event "Titled Tuesday intern op 30th May Late"]
[Site "Chess.com INT"]
[Date "2023.05.30"]
[Round "3"]
[White "Hambleton, Aman"]
[Black "Talbi, Chafik"]
[Result "1-0"]
[WhiteElo "2420"]
[BlackElo "2224"]
[PlyCount "165"]
[EventDate "2023.05.30"]
[EventType "swiss (blitz)"]
[EventRounds "11"]
[EventCountry "USA"]
[SourceTitle "CBM 214 Extra"]
[Source "ChessBase"]
[SourceDate "2023.07.31"]
[SourceVersion "1"]
[SourceVersionDate "2023.07.31"]
[SourceQuality "1"]

1. d4 c6 2. c4 d5 3. Nc3 Nf6 4. e3 e6 5. Nf3 a6 6. b3 Bb4 7. Bd2 0-0 8. Bd3 dxc4 9. Bxc4 b5 10. Be2 Qe7 11. 0-0 Nbd7 12. Qc2 Bb7 13. Ne4 Nxe4 14. Bxb4 Qxb4 15. Qxe4 Nf6 16. Qc2 Rac8 17. a3 Qd6 18. b4 a5 19. Rab1 axb4 20. axb4 Ra8 21. Bd1 Ra3 22. Qb2 Rfa8 23. Bb3 Qxb4 24. Rfc1 c5 25. dxc5 Be4 26. Bc2 Qxb2 27. Rxb2 Rc3 28. Ne1 Rxc5 29. Rcb1 Bxc2 30. Nxc2 Rb8 31. Nd4 b4 32. Kf1 Nd5 33. g3 g6 34. h4 h5 35. Kg2 Rc3 36. e4 Nf6 37. Rxb4 Rxb4 38. Rxb4 Nxe4 39. Nxe6 fxe6 40. Rxe4 Rc6 41. Rb4 Kf7 42. Kf3 Kf6 43. Rb3 Rc5 44. Rb4 Rc6 45. Ke4 Rc5 46. Ke3 Rc3+ 47. Kd2 Ra3 48. Ke2 Rc3 49. Rf4+ Ke7 50. Re4 Kf6 51. Rf4+ Ke7 52. Ra4 Kf6 53. Ra8 Rc2+ 54. Ke3 Rc3+ 55. Ke4 Rc5 56. Rf8+ Ke7 57. Rg8 Kf7 58. Rh8 Ra5 59. Rh7+ Kf6 60. Rb7 Ra4+ 61. Kf3 Ra3+ 62. Kg2 Ra2 63. Rb5 Ra3 64. Rb4 Ra2 65. Rb3 Ra4 66. Rf3+ Ke7 67. Re3 Kf6 68. Kf3 Ra5 69. Re4 Ra3+ 70. Kf4 Ra5 71. Rb4 Rf5+ 72. Ke3 Re5+ 73. Kf3 Ra5 74. Rc4 Ra3+ 75. Ke4 Ra5 76. f3 Ra3 77. g4 hxg4 78. fxg4 Rh3 79. g5+ Ke7 80. Rc7+ Kd6 81. Rg7 Rxh4+ 82. Kf3 Ke5 83. Kg3 1-0

[Event "Titled Tuesday intern op 30th May Late"]
[Site "Chess.com INT"]
[Date "2023.05.30"]
[Round "8"]
[White "Ladan, Nicholas John"]
[Black "Talbi, Chafik"]
[Result "1-0"]
[WhiteElo "2228"]
[BlackElo "2224"]
[PlyCount "109"]
[EventDate "2023.05.30"]
[EventType "swiss (blitz)"]
[EventRounds "11"]
[EventCountry "USA"]
[SourceTitle "CBM 214 Extra"]
[Source "ChessBase"]
[SourceDate "2023.07.31"]
[SourceVersion "1"]
[SourceVersionDate "2023.07.31"]
[SourceQuality "1"]

1. f3 d5 2. Kf2 e5 3. e3 f5 4. c4 c6 5. Nc3 d4 6. Nce2 c5 7. exd4 cxd4 8. d3 Nf6 9. Bg5 Nc6 10. Bxf6 Qxf6 11. Ng3 g6 12. Be2 Bh6 13. Nh3 Be3+ 14. Kf1 0-0 15. a3 a5 16. Nf2 a4 17. Qc2 h5 18. h4 Bf4 19. Rh3 Be6 20. Bd1 Kh7 21. Ne2 Be3 22. Qb1 Bd7 23. Bc2 Nd8 24. Qd1 Ne6 25. Rb1 Nc5 26. b4 axb3 27. Bxb3 Rxa3 28. Bc2 Bc6 29. Qe1 e4 30. dxe4 d3 31. Bxd3 Nxd3 32. Nxd3 Rxd3 33. exf5 Qxf5 34. Nc1 Rc3 35. Na2 Ra3 36. Nb4 Bd2 37. Qd1 Bxb4 38. Rxb4 Qd3+ 39. Qxd3 Rxd3 40. Rg3 Rf4 41. Rh3 Rdd4 42. Rg3 Rxh4 43. Kf2 Rxc4 44. Rb3 Rc2+ 45. Ke3 Rhc4 46. Kd3 Rc5 47. Ra3 Rc1 48. Ra7 Rd1+ 49. Ke2 Rd7 50. Rh3 Re5+ 51. Kf2 Rd2+ 52. Kg3 Rg5+ 53. Kf4 Rgxg2 54. Rh1 Rde2 55. Rc1 1-0

[Event "Titled Tuesday intern op 16th May Late"]
[Site "Chess.com INT"]
[Date "2023.05.16"]
[Round "8"]
[White "Osmonbekov, Talaibek D"]
[Black "Talbi, Chafik"]
[Result "1-0"]
[WhiteElo "2137"]
[BlackElo "2224"]
[PlyCount "43"]
[EventDate "2023.05.16"]
[EventType "swiss (blitz)"]
[EventRounds "11"]
[EventCountry "USA"]
[SourceTitle "CBM 214 Extra"]
[Source "ChessBase"]
[SourceDate "2023.07.31"]
[SourceVersion "1"]
[SourceVersionDate "2023.07.31"]
[SourceQuality "1"]

1. d4 c6 2. Bf4 g6 3. Nc3 d6 4. e4 Bg7 5. h4 Nf6 6. Be2 Qa5 7. f3 Nbd7 8. Qd2 h6 9. 0-0-0 b5 10. a3 Qb6 11. Kb1 a5 12. e5 dxe5 13. dxe5 Nh5 14. e6 fxe6 15. Bd3 Nxf4 16. Qxf4 Nf8 17. Nge2 b4 18. Na4 Qb8 19. Qg4 bxa3 20. Bxg6+ Nxg6 21. Qxg6+ Kf8 22. Rd8# 1-0

[Event "Titled Tuesday intern op 16th May Late"]
[Site "Chess.com INT"]
[Date "2023.05.16"]
[Round "3"]
[White "Talbi, Chafik"]
[Black "Martin Barcelo, Carles"]
[Result "0-1"]
[WhiteElo "2224"]
[BlackElo "2221"]
[PlyCount "92"]
[EventDate "2023.05.16"]
[EventType "swiss (blitz)"]
[EventRounds "11"]
[EventCountry "USA"]
[SourceTitle "CBM 214 Extra"]
[Source "ChessBase"]
[SourceDate "2023.07.31"]
[SourceVersion "1"]
[SourceVersionDate "2023.07.31"]
[SourceQuality "1"]

1. e4 e6 2. d4 d5 3. exd5 exd5 4. Nf3 Bd6 5. Bd3 Ne7 6. 0-0 c6 7. Re1 0-0 8. c3 Bg4 9. Bxh7+ Kxh7 10. Ng5+ Kg8 11. Qxg4 Qd7 12. Qh5 Qf5 13. Re3 f6 14. Rf3 Qg6 15. Qxg6 Nxg6 16. Nh3 c5 17. dxc5 Bxc5 18. Be3 Bxe3 19. Rxe3 Nc6 20. Na3 Rad8 21. Rd1 d4 22. cxd4 Nxd4 23. Red3 Ne2+ 24. Kf1 Rxd3 25. Rxd3 Nef4 26. Nxf4 Nxf4 27. Rd2 Rc8 28. Nc2 Kf8 29. g3 Ne6 30. Ne3 Ke8 31. Nf5 Rc1+ 32. Kg2 b6 33. Re2 Kf7 34. Nd6+ Ke7 35. Nb5 Kd7 36. Nxa7 Rc5 37. a4 g5 38. Nb5 Rc4 39. b3 Rc1 40. Rd2+ Ke7 41. Rd6 g4 42. Rxb6 Ng5 43. Rb7+ Kf8 44. Nd4 Nh3 45. Ne6+ Ke8 46. f4 Rg1# 0-1

[Event "Titled Tuesday intern op 07th Feb Late"]
[Site "Chess.com INT"]
[Date "2023.02.07"]
[Round "2"]
[White "Sokolovsky, Yahli"]
[Black "Talbi, Chafik"]
[Result "1-0"]
[WhiteElo "2460"]
[BlackElo "2224"]
[PlyCount "91"]
[EventDate "2023.02.07"]
[EventType "swiss (blitz)"]
[EventRounds "11"]
[EventCountry "USA"]
[SourceTitle "EXT 2024"]
[Source "ChessBase"]
[SourceDate "2023.10.10"]
[SourceVersion "1"]
[SourceVersionDate "2023.10.10"]
[SourceQuality "1"]

1. b3 e5 2. Bb2 d6 3. e3 g6 4. d4 Bg7 5. dxe5 Bxe5 6. Bxe5 dxe5 7. Qxd8+ Kxd8 8. Nf3 f6 9. Nc3 c6 10. 0-0-0+ Ke7 11. Ne4 Nh6 12. Bc4 b5 13. Be2 Nf7 14. Rd2 Bf5 15. Nc5 Nd7 16. Na6 Nc5 17. Nxc5 Rhd8 18. Rhd1 Rxd2 19. Nxd2 a5 20. Bf3 Rc8 21. Nde4 Bxe4 22. Bxe4 Nd6 23. Bf3 f5 24. e4 f4 25. Be2 h5 26. h4 Rc7 27. Bf3 Rc8 28. c3 Rc7 29. Kc2 Rc8 30. a4 Rc7 31. Ra1 Rc8 32. Nd3 Ke6 33. axb5 cxb5 34. Rxa5 Rc6 35. Ra8 Rc7 36. Nb4 Rc5 37. Nd5 b4 38. c4 Nb5 39. Ra6+ Kf7 40. Nxb4 Nd4+ 41. Kb2 Rc8 42. Nd3 Rb8 43. Nxe5+ Kf8 44. Nxg6+ Kf7 45. Bd1 Ne6 46. Ne5+ 1-0

[Event "Titled Tuesday intern op 07th Feb Late"]
[Site "Chess.com INT"]
[Date "2023.02.07"]
[Round "4"]
[White "Talbi, Chafik"]
[Black "Danielyan, Vahe"]
[Result "0-1"]
[WhiteElo "2224"]
[BlackElo "2307"]
[PlyCount "108"]
[EventDate "2023.02.07"]
[EventType "swiss (blitz)"]
[EventRounds "11"]
[EventCountry "USA"]
[SourceTitle "EXT 2024"]
[Source "ChessBase"]
[SourceDate "2023.10.10"]
[SourceVersion "1"]
[SourceVersionDate "2023.10.10"]
[SourceQuality "1"]

1. e4 c5 2. Nf3 d6 3. c3 Nf6 4. Bd3 g6 5. Bc2 Bg7 6. h3 0-0 7. d4 cxd4 8. cxd4 a6 9. Nc3 b5 10. a3 Bb7 11. 0-0 Nbd7 12. Be3 Nb6 13. Nd2 Rc8 14. Rc1 Nc4 15. Nxc4 Rxc4 16. Bd3 Rxc3 17. Rxc3 Nxe4 18. Bxe4 Bxe4 19. Qg4 f5 20. Qe2 Qa8 21. f3 Bd5 22. Rfc1 Bc4 23. Qc2 e5 24. dxe5 Bxe5 25. Rxc4 bxc4 26. Qxc4+ Kh8 27. Rc2 Re8 28. Qf7 d5 29. Bh6 Bd4+ 30. Kh1 Qb8 31. Rc7 Re1+ 32. Kh2 Qxc7+ 33. Qxc7 Be5+ 34. Qxe5+ Rxe5 35. Bd2 Re2 36. Bc3+ Kg8 37. Kg3 Kf7 38. f4 Ke6 39. Kf3 Rc2 40. g4 fxg4+ 41. hxg4 h5 42. gxh5 gxh5 43. Kg3 Kf5 44. Be5 Re2 45. Bd4 Re4 46. Be5 Rxe5 47. fxe5 Kxe5 48. b4 d4 49. a4 h4+ 50. Kxh4 d3 51. b5 axb5 52. axb5 d2 53. b6 d1Q 54. b7 Qd8+ 0-1

[Event "Titled Tuesday intern op 07th Feb Late"]
[Site "Chess.com INT"]
[Date "2023.02.07"]
[Round "3"]
[White "Talbi, Chafik"]
[Black "Krallis, Christos"]
[Result "0-1"]
[WhiteElo "2224"]
[BlackElo "2339"]
[PlyCount "84"]
[EventDate "2023.02.07"]
[EventType "swiss (blitz)"]
[EventRounds "11"]
[EventCountry "USA"]
[SourceTitle "EXT 2024"]
[Source "ChessBase"]
[SourceDate "2023.10.10"]
[SourceVersion "1"]
[SourceVersionDate "2023.10.10"]
[SourceQuality "1"]

1. e4 c5 2. Nf3 a6 3. c3 e6 4. d4 Nf6 5. e5 Nd5 6. Bc4 Nb6 7. Bd3 Nc6 8. 0-0 cxd4 9. cxd4 d6 10. Qe2 h6 11. Rd1 Nb4 12. Be4 d5 13. Bd3 Bd7 14. Nc3 Nxd3 15. Rxd3 Rc8 16. Nd2 Be7 17. Rg3 g6 18. Qd3 Bh4 19. Rf3 Bg5 20. g3 Na4 21. h4 Be7 22. Qe3 g5 23. hxg5 hxg5 24. g4 Qc7 25. Rh3 Rxh3 26. Qxh3 Nxc3 27. bxc3 Qxc3 28. Qxc3 Rxc3 29. Kg2 Bb5 30. Nf3 Be2 31. Nxg5 Bxg4 32. f3 Bf5 33. Bf4 b5 34. Kg3 b4 35. Rb1 a5 36. Rh1 Bxg5 37. Bxg5 Rxf3+ 38. Kxf3 Be4+ 39. Ke3 Bxh1 40. Kd2 Be4 41. Kc1 Kd7 42. Kb2 Kc6 0-1

[Event "Titled Tuesday intern op 07th Feb Late"]
[Site "Chess.com INT"]
[Date "2023.02.07"]
[Round "8"]
[White "Talbi, Chafik"]
[Black "Necula, Iulian"]
[Result "1-0"]
[WhiteElo "2224"]
[BlackElo "1882"]
[PlyCount "93"]
[EventDate "2023.02.07"]
[EventType "swiss (blitz)"]
[EventRounds "11"]
[EventCountry "USA"]
[SourceTitle "EXT 2024"]
[Source "ChessBase"]
[SourceDate "2023.10.10"]
[SourceVersion "1"]
[SourceVersionDate "2023.10.10"]
[SourceQuality "1"]

1. e4 c5 2. Nf3 d6 3. Bb5+ Bd7 4. Bxd7+ Qxd7 5. 0-0 g6 6. c3 Nc6 7. d4 cxd4 8. Nxd4 Bg7 9. Nf3 Nf6 10. Re1 0-0 11. Bg5 h6 12. Bxf6 Bxf6 13. e5 Bg7 14. exd6 Qxd6 15. Qxd6 exd6 16. Nbd2 Rfe8 17. Nb3 Ne5 18. Nxe5 Rxe5 19. Rad1 Rxe1+ 20. Rxe1 a5 21. a4 Ra6 22. Nd2 Rb6 23. Nc4 Rb3 24. Re2 d5 25. Nxa5 Rb6 26. Rd2 Bxc3 27. Rxd5 Bxa5 28. Rxa5 Rxb2 29. g3 Kf8 30. Kg2 Ke7 31. Kf3 f5 32. Ra8 Rb4 33. h4 g5 34. h5 g4+ 35. Ke3 Kf6 36. Rg8 Rxa4 37. Rg6+ Kf7 38. Rxh6 b5 39. Rb6 b4 40. Kf4 Ra2 41. Kxf5 Rxf2+ 42. Kxg4 Rb2 43. Kg5 b3 44. Rb7+ Kg8 45. Kg6 Kf8 46. h6 Rg2 47. Rxb3 1-0

[Event "ALG-chT"]
[Site "Ain Oulmane"]
[Date "2019.11.02"]
[Round "3.3"]
[White "Hamira, Abdelatif"]
[Black "Talbi, Chafik"]
[Result "0-1"]
[WhiteElo "1916"]
[BlackElo "2291"]
[PlyCount "90"]
[EventDate "2019.11.01"]
[EventType "team-swiss"]
[EventRounds "9"]
[EventCountry "ALG"]
[SourceTitle "EXT 2021"]
[Source "ChessBase"]
[SourceDate "2020.10.23"]
[SourceVersion "1"]
[SourceVersionDate "2020.10.23"]
[SourceQuality "1"]
[WhiteTeam "Tizi Ouzou"]
[BlackTeam "Alger ASSN"]
[WhiteTeamCountry "ALG"]
[BlackTeamCountry "ALG"]

1. d4 Nf6 2. Nf3 d5 3. g3 e6 4. Bg2 Be7 5. 0-0 0-0 6. c4 dxc4 7. Qa4 a6 8. Qxc4 b5 9. Qb3 Bb7 10. a4 Bd5 11. Qd1 b4 12. Nbd2 c5 13. dxc5 Nbd7 14. Nd4 Bxg2 15. Kxg2 Nxc5 16. N2f3 Qd5 17. Nc2 Qb7 18. Ne3 Rfd8 19. Qc2 Qe4 20. Qxe4 Nfxe4 21. Nc4 Nb3 22. Rb1 Rac8 23. Nce5 Rc2 24. Be3 f6 25. Ne1 Rxe2 26. Nc6 Rd7 27. Nxe7+ Rxe7 28. Kf3 Rxe3+ 29. Kxe3 Ned2 30. Nd3 Nxf1+ 31. Rxf1 a5 32. f4 Rc7 33. Rf2 Kf7 34. g4 Rc4 35. Ne1 Nc5 36. Rc2 Rxc2 37. Nxc2 Nxa4 38. b3 Nc5 39. Nd4 g5 40. fxg5 fxg5 41. Nf3 Kf6 42. Nd2 e5 43. Kf3 Ke6 44. Ke3 Kd5 45. Nf3 Nxb3 0-1

[Event "ALG-ch"]
[Site "Tiaret"]
[Date "2019.08.04"]
[Round "7"]
[White "Talbi, Chafik"]
[Black "Brahami, Lamine"]
[Result "1/2-1/2"]
[WhiteElo "2274"]
[BlackElo "2153"]
[PlyCount "83"]
[EventDate "2019.08.01"]
[EventType "swiss"]
[EventRounds "9"]
[EventCountry "ALG"]
[SourceTitle "EXT 2020"]
[Source "ChessBase"]
[SourceDate "2019.10.17"]
[SourceVersion "1"]
[SourceVersionDate "2019.10.17"]
[SourceQuality "1"]

1. d4 g6 2. Nf3 Bg7 3. g3 d6 4. c4 Nd7 5. Nc3 e5 6. Bg2 h6 7. 0-0 Ne7 8. e4 0-0 9. Be3 Nc6 10. Rc1 Re8 11. d5 Ne7 12. Qd2 Kh7 13. b4 f5 14. c5 Nf6 15. cxd6 cxd6 16. h3 Nxe4 17. Nxe4 fxe4 18. Nh4 Nf5 19. Nxf5 gxf5 20. Rc3 f4 21. gxf4 exf4 22. Bxf4 Bxc3 23. Qxc3 Bf5 24. Qd4 Qe7 25. Kh2 Qg7 26. Qe3 Rac8 27. Rc1 Rxc1 28. Qxc1 Qf6 29. Qe3 a6 30. Bg3 Bg6 31. Qb6 Re7 32. a4 Rg7 33. a5 Bf5 34. Qe3 Re7 35. Qb6 Qg6 36. Qe3 Qf7 37. Bxd6 Rd7 38. Qc5 Bg6 39. Kg1 Qf5 40. Kh2 Bf7 41. Qc2 Bxd5 42. Bc5 1/2-1/2

[Event "ALG-ch"]
[Site "Tiaret"]
[Date "2019.08.02"]
[Round "3"]
[White "Talbi, Chafik"]
[Black "Saim, Mohamed Ilias"]
[Result "1-0"]
[WhiteElo "2274"]
[BlackElo "2131"]
[PlyCount "89"]
[EventDate "2019.08.01"]
[EventType "swiss"]
[EventRounds "9"]
[EventCountry "ALG"]
[SourceTitle "EXT 2020"]
[Source "ChessBase"]
[SourceDate "2019.10.17"]
[SourceVersion "1"]
[SourceVersionDate "2019.10.17"]
[SourceQuality "1"]

1. d4 Nf6 2. c4 g6 3. Nf3 Bg7 4. g3 0-0 5. Bg2 d6 6. Nc3 Nbd7 7. 0-0 e5 8. e4 exd4 9. Nxd4 Re8 10. h3 c6 11. Be3 a5 12. Qc2 Nc5 13. Rad1 Qe7 14. Rfe1 Bd7 15. Bf4 Rad8 16. Nb3 Be6 17. Nxa5 Nh5 18. Be3 Ra8 19. b4 Na6 20. a3 Be5 21. Na4 f5 22. exf5 gxf5 23. Qd2 Qf7 24. f4 Bf6 25. b5 cxb5 26. cxb5 Nc7 27. b6 Nb5 28. Bf2 Nc3 29. Nxc3 Rxa5 30. Nd5 Rxa3 31. Nxf6+ Nxf6 32. Qxd6 Ra2 33. Rd2 Rxd2 34. Qxd2 Rc8 35. Bd4 Ne4 36. Qa5 Bd5 37. g4 h6 38. Ba1 Qd7 39. Rd1 Rc5 40. Qa8+ Rc8 41. Qa3 Qe6 42. Qb2 Rc3 43. Rd3 Qc6 44. Rxc3 Nxc3 45. Qxc3 1-0

[Event "ALG Cup"]
[Site "El Harrach"]
[Date "2019.01.04"]
[Round "5"]
[White "Talbi, Chafik"]
[Black "Oussedik, Mahfoud"]
[Result "0-1"]
[WhiteElo "2288"]
[BlackElo "2319"]
[PlyCount "73"]
[EventDate "2018.11.23"]
[EventType "swiss"]
[EventRounds "14"]
[EventCountry "ALG"]
[SourceTitle "CBM 189 Extra"]
[Source "ChessBase"]
[SourceDate "2019.06.03"]
[SourceVersion "1"]
[SourceVersionDate "2019.06.03"]
[SourceQuality "1"]

1. d4 f5 2. Nc3 Nf6 3. Bg5 d5 4. e3 c6 5. Nf3 e6 6. a3 Bd6 7. Ne5 Nbd7 8. f4 h6 9. Bxf6 Nxf6 10. Ng6 Rg8 11. Be2 Qc7 12. Ne5 g6 13. Na4 Nd7 14. Nxd7 Bxd7 15. b4 b6 16. 0-0 g5 17. Qd2 c5 18. bxc5 Be7 19. cxb6 axb6 20. Nb2 Bd6 21. c4 Bc6 22. cxd5 Bxd5 23. Bf3 Qb7 24. Nc4 Bc7 25. Bxd5 Qxd5 26. Ne5 gxf4 27. exf4 Bxe5 28. fxe5 Ra4 29. Rf4 Rxd4 30. Rxd4 Rxg2+ 31. Qxg2 Qxd4+ 32. Qf2 Qxa1+ 33. Kg2 Qb1 34. Kg3 Kf7 35. Qe3 Kg6 36. Kh3 Qf1+ 37. Kh4 0-1

[Event "Arab-ch"]
[Site "Dubai"]
[Date "2018.11.28"]
[Round "1"]
[White "Talbi, Chafik"]
[Black "Adly, Ahmed"]
[Result "0-1"]
[WhiteElo "2254"]
[BlackElo "2626"]
[PlyCount "116"]
[EventDate "2018.11.28"]
[EventType "swiss"]
[EventRounds "9"]
[EventCountry "UAE"]
[SourceTitle "CBM 187 Extra"]
[Source "ChessBase"]
[SourceDate "2018.11.04"]
[SourceVersion "1"]
[SourceVersionDate "2018.11.04"]
[SourceQuality "1"]

1. d4 d5 2. c4 e6 3. Nc3 Nf6 4. cxd5 exd5 5. Bg5 Be7 6. e3 0-0 7. Bd3 h6 8. Bh4 c5 9. Nge2 Nc6 10. 0-0 g5 11. Bg3 Be6 12. Rc1 Rc8 13. Bb1 b6 14. a3 Re8 15. Qd3 Bf8 16. Rcd1 Bg7 17. f3 Qe7 18. Bf2 Na5 19. Rfe1 Nc4 20. Qc2 a6 21. a4 cxd4 22. Nxd4 Qb4 23. Re2 Bd7 24. Nf5 Bxf5 25. Qxf5 Nxb2 26. Rxb2 Qxb2 27. Nxd5 Rc1 28. Nxf6+ Bxf6 29. Rf1 Rd8 30. Bd3 Rxf1+ 31. Kxf1 Bg7 32. Be1 Qa1 33. Bc2 Kf8 34. Bb3 Qf6 35. Qh7 a5 36. Qe4 Qd6 37. Bc4 Qd7 38. Bb5 Qe6 39. Qc2 Qxe3 40. Bf2 Qe6 41. Bc4 Rc8 42. Bxe6 Rxc2 43. Bd5 Rd2 44. Be4 Bd4 45. Be1 Ra2 46. Bc6 f5 47. h4 Ke7 48. hxg5 hxg5 49. Bb5 Kd6 50. Be8 Kc5 51. Bb5 Rb2 52. Bd7 f4 53. g3 Kc4 54. Bf5 b5 55. axb5 a4 56. Be6+ Kd3 57. gxf4 gxf4 58. Ba5 Rf2+ 0-1

[Event "ALG-ch"]
[Site "Oran"]
[Date "2018.07.18"]
[Round "7"]
[White "Bellahcene, Bilel"]
[Black "Talbi, Chafik"]
[Result "1/2-1/2"]
[WhiteElo "2512"]
[BlackElo "2251"]
[PlyCount "76"]
[EventDate "2018.07.12"]
[EventType "tourn"]
[EventRounds "7"]
[EventCountry "ALG"]
[SourceTitle "EXT 2019"]
[Source "ChessBase"]
[SourceDate "2018.10.10"]
[SourceVersion "1"]
[SourceVersionDate "2018.10.10"]
[SourceQuality "1"]

1. e4 c5 2. Nc3 d6 3. d4 cxd4 4. Qxd4 Nc6 5. Qd2 Nf6 6. b3 a6 7. Bb2 e6 8. 0-0-0 Qc7 9. f3 b5 10. g4 Bb7 11. Kb1 h6 12. Nge2 Rd8 13. Nf4 Be7 14. Qe3 Rc8 15. h4 Ne5 16. Rc1 Qc5 17. Qe2 Bc6 18. Bg2 Qb6 19. Nd1 b4 20. Nf2 Bb5 21. Qd2 a5 22. Rcd1 Qc7 23. g5 hxg5 24. hxg5 Rxh1 25. Rxh1 Nfd7 26. g6 Nxg6 27. Nh5 Qc5 28. Nxg7+ Kd8 29. f4 Nxf4 30. Qxf4 Qxc2+ 31. Ka1 Ne5 32. Nh5 Nd3 33. Nxd3 Bxd3 34. Bf3 Qf2 35. Bd1 Qxf4 36. Nxf4 Bxe4 37. Rf1 Kd7 38. Nh5 Bc2 1/2-1/2

[Event "ALG-ch"]
[Site "Oran"]
[Date "2018.07.15"]
[Round "4"]
[White "Fellah, Mohamed Amine"]
[Black "Talbi, Chafik"]
[Result "1/2-1/2"]
[WhiteElo "2113"]
[BlackElo "2251"]
[PlyCount "107"]
[EventDate "2018.07.12"]
[EventType "tourn"]
[EventRounds "7"]
[EventCountry "ALG"]
[SourceTitle "EXT 2019"]
[Source "ChessBase"]
[SourceDate "2018.10.10"]
[SourceVersion "1"]
[SourceVersionDate "2018.10.10"]
[SourceQuality "1"]

1. e4 c5 2. Nf3 d6 3. d4 cxd4 4. Nxd4 Nf6 5. Nc3 Nc6 6. Be2 e5 7. Nb3 Be7 8. 0-0 0-0 9. Kh1 a5 10. a4 Be6 11. f4 Nb4 12. Be3 Rc8 13. Bf3 Bc4 14. Rf2 Qc7 15. g4 d5 16. fxe5 Nxe4 17. Nxe4 dxe4 18. Bxe4 Bh4 19. Rd2 Qxe5 20. Qf3 Nc6 21. Qf5 Qxf5 22. Bxf5 Rcd8 23. Rxd8 Rxd8 24. Bb6 Re8 25. Nxa5 Bd5+ 26. Kg1 Nxa5 27. Bxa5 Re2 28. Rd1 Rg2+ 29. Kf1 Bf3 30. Rd2 Rxd2 31. Bxd2 g6 32. Bd7 Kf8 33. h3 Bf6 34. c3 Ke7 35. Bb5 Bh4 36. Be3 Kd6 37. Bf2 Bg5 38. Bg3+ Kd5 39. Kf2 Ke4 40. a5 Be3+ 41. Kf1 Bc1 42. b3 f5 43. gxf5 gxf5 44. a6 bxa6 45. Bxa6 Bd1 46. b4 Bd2 47. Be1 Bg5 48. Bf2 f4 49. b5 Bf6 50. Bd4 Bxd4 51. cxd4 Kxd4 52. b6 Bf3 53. b7 Bxb7 54. Bxb7 1/2-1/2